Traduction des Pokémon de la 1G [EN>FR] - Statistiques

Statistiques générales
  • Ce quiz a été pris 50 fois
  • Le résultat moyen est 17 sur 20
Statistiques - réponses
Nom anglais Nom français % Correct
Abra Abra
100%
Alakazam Alakazam
100%
Arbok Arbok
100%
Arcanine Arcanin
100%
Weedle Aspicot
100%
Bulbasaur Bulbizarre
100%
Caterpie Chenipan
100%
Doduo Doduo
100%
Charizard Dracaufeu
100%
Dragonair Draco
100%
Dragonite Dracolosse
100%
Eevee Évoli
100%
Gastly Fantominus
100%
Venusaur Florizarre
100%
Vulpix Goupix
100%
Wigglytuff Grodoudou
100%
Golem Grolem
100%
Muk Grotadmorv
100%
Ivysaur Herbizarre
100%
Hypno Hypnomade
100%
Seadra Hypocéan
100%
Kabuto Kabuto
100%
Kabutops Kabutops
100%
Kadabra Kadabra
100%
Hitmonlee Kicklee
100%
Krabby Krabby
100%
Gyarados Léviator
100%
Lapras Lokhlass
100%
Machoke Machopeur
100%
Magnemite Magnéti
100%
Magneton Magnéton
100%
Clefable Mélodelfe
100%
Ditto Métamorph
100%
Mew Mew
100%
Meowth Miaouss
100%
Dratini Minidraco
100%
Mr. Mime M. Mime
100%
Nidoqueen Nidoqueen
100%
Nidoran♀ Nidoran♀
100%
Nidoran♂ Nidoran♂
100%
Nidorina Nidorina
100%
Exeggcute Nœunœuf
100%
Butterfree Papilusion
100%
Paras Paras
100%
Parasect Parasect
100%
Persian Persian
100%
Pikachu Pikachu
100%
Ponyta Ponyta
100%
Porygon Porygon
100%
Aerodactyl Ptéra
100%
Flareon Pyroli
100%
Raichu Raichu
100%
Raticate Rattatac
100%
Rhydon Rhinoféros
100%
Pidgeot Roucarnage
100%
Sandshrew Sabelette
100%
Staryu Stari
100%
Starmie Staross
100%
Diglett Taupiqueur
100%
Tauros Tauros
100%
Tentacool Tentacool
100%
Tentacruel Tentacruel
100%
Blastoise Tortank
100%
Dugtrio Triopikeur
100%
Voltorb Voltorbe
100%
Vaporeon Aquali
90%
Zubat Nosferapti
90%
Chansey Leveinard
89%
Rattata Rattata
89%
Electrode Électrode
88%
Ninetales Feunard
88%
Horsea Hypotrempe
88%
Magikarp Magicarpe
88%
Golbat Nosferalto
88%
Gengar Ectoplasma
87%
Beedrill Dardargnan
86%
Magmar Magmar
86%
Cubone Osselait
86%
Fearow Rapasdepic
86%
Growlithe Caninos
83%
Squirtle Carapuce
83%
Bellsprout Chétiflor
83%
Kangaskhan Kangourex
83%
Machop Machoc
83%
Nidoking Nidoking
83%
Nidorino Nidorino
83%
Goldeen Poissirène
83%
Psyduck Psykokwak
83%
Geodude Racaillou
83%
Sandslash Sablaireau
83%
Exeggutor Noadkoko
82%
Articuno Artikodin
80%
Slowbro Flagadoss
80%
Mewtwo Mewtwo
80%
Poliwag Ptitard
80%
Snorlax Ronflex
80%
Haunter Spectrum
80%
Golduck Akwakwak
75%
Farfetch'd Canarticho
75%
Wartortle Carabaffe
75%
Zapdos Électhor
75%
Graveler Gravalanch
75%
Scyther Insécateur
75%
Jynx Lippoutou
75%
Spearow Piafabec
75%
Poliwrath Tartard
75%
Jolteon Voltali
75%
Rapidash Galopa
73%
Jigglypuff Rondoudou
73%
Dodrio Dodrio
71%
Moltres Sulfura
71%
Hitmonchan Tygnon
71%
Metapod Chrysacier
67%
Primeape Colossinge
67%
Cloyster Crustabri
67%
Lickitung Excelangue
67%
Mankey Férosinge
67%
Pidgeotto Roucoups
67%
Charmander Salamèche
67%
Koffing Smogo
67%
Shellder Kokiyas
63%
Marowak Ossatueur
63%
Victreebel Empiflor
60%
Kingler Krabboss
60%
Dewgong Lamantine
60%
Machamp Mackogneur
60%
Seaking Poissoroy
60%
Charmeleon Reptincel
60%
Pidgey Roucool
60%
Weezing Smogogo
60%
Venomoth Aéromite
57%
Oddish Mystherbe
57%
Pinsir Scarabrute
57%
Poliwhirl Têtarte
57%
Ekans Abo
50%
Omastar Amonistar
50%
Omanyte Amonita
50%
Electabuzz Élektek
50%
Venonat Mimitoss
50%
Drowzee Soporifik
50%
Kakuna Coconfort
43%
Seel Otaria
40%
Tangela Saquedeneu
40%
Gloom Ortide
33%
Vileplume Rafflésia
33%
Rhyhorn Rhinocorne
33%
Grimer Tadmorv
22%
Weepinbell Boustiflor
0%
Clefairy Mélofée
0%
Onix Onix
0%
Slowpoke Ramoloss
0%
Aucun quiz correspondant
Distribution des résultats
% des personnes avec chaque résultat
Percentile par nombre de réponses
Votre historique - résultats
Vous n’avez pas pris ce quiz